Statistics for Serie A - Teams Nicknames

Click here to take the quiz!

General Stats

  • This quiz has been taken 26 times
  • The average score is 12 of 29

Answer Stats

HintAnswer% Correct
GiallorossiA.S. Roma
91%
DeaAtalanta Bergamasca Calcio
77%
Vecchia SignoraJuventus F.C.
77%
DiavoloA.C. Milan
73%
RosaneroPalermo F.C.
64%
GranataTorino F.C.
64%
GrifoneGenoa C.F.C.
59%
PartenopeiS.S.C. Napoli
59%
FriulaniUdinese Calcio
59%
AquileS.S. Lazio
55%
BiscioneF.C. Internazionale Milano
50%
CastedduCagliari Calcio
45%
BlucerchiatiU.C. Sampdoria
45%
SalentiniU.S. Lecce
41%
GigliatiA.C.F. Fiorentina
36%
ElefantiCatania F.C.
32%
ClivensiA.C. Chievo Verona
27%
AzzurriEmpoli F.C.
27%
GallettiS.S.C. Bari
27%
DucaliParma Calcio 1913
23%
RondinelleBrescia Calcio
18%
EuganeiCalcio Padova
18%
EstensiS.P.A.L.
18%
ScaligeriHellas Verona F.C.
14%
LaneL.R. Vicenza
14%
LabroniciU.S. Livorno 1915
14%
FelsineiBologna F.C. 1909
9%
AlabardatiU.S. Triestina Calcio 1918
9%
PicchioAscoli Calcio 1898 F.C.
5%

Score Distribution

Percentile by Number Answered

Percent of People with Each Score

Your Score History

You have not taken this quiz